Statistics for Countries with Nuclear Weapons

Click here to take the quiz!

General Stats

  • This quiz has been taken 92,079 times
    (91,908 since last reset)
  • The average score is 8 of 10

Answer Stats

Status Country % Correct
AcknowledgedUnited States
99%
AcknowledgedRussia
98%
AcknowledgedUnited Kingdom
94%
AcknowledgedChina
92%
AcknowledgedNorth Korea
91%
AcknowledgedFrance
91%
AcknowledgedIndia
84%
AcknowledgedPakistan
76%
UnacknowledgedIsrael
69%
FormerSouth Africa
38%

Score Distribution

Percentile by Number Answered

Percent of People with Each Score

Your Score History

You have not taken this quiz since the last reset